2008 Executions Quiz Stats

 Plays Quiz Updated Nov 21, 2018

Support Sporcle.
Go Orange.
Score 0/25 Timer 05:00
0 Plays Today
Rank Country % Correct
4United States
97.2%
1China
92.2%
2Iran
86.5%
6Iraq
86.5%
10Japan
69.1%
9North Korea
67.5%
3Saudi Arabia
66.1%
8Afghanistan
63.8%
5Pakistan
62.5%
16Egypt
60.4%
7Vietnam
48.4%
12Indonesia
44.6%
=17Syria
41.4%
Rank Country % Correct
=17Sudan
40.4%
11Yemen
40.3%
=17United Arab Emirates
37.9%
13Libya
37.8%
=17Mongolia
32.9%
=17Malaysia
29.8%
=17Singapore
25.9%
14Bangladesh
24%
=23Bahrain
17.6%
15Belarus
11.1%
=23Botswana
6.3%
=23St. Kitts and Nevis
1.7%

From the Vault

Mothers in Every Category

by beisaa

Holiday 10m
Happy Mother's Day to all the hardworking moms out there!
Remove Ads.
Support Sporcle.
Get the best of Sporcle when you Go Orange. This ad-free experience offers more features, more stats, and more fun while also helping to support Sporcle. Thank you for becoming a member.

Show Comments

Extras

Top Quizzes Today


Score Distribution

Your Account Isn't Verified!

In order to create a playlist on Sporcle, you need to verify the email address you used during registration. Go to your Sporcle Settings to finish the process.

Report this User

Report this user for behavior that violates our Community Guidelines.

Details: